Premiers of Quebec - Statistics

General Stats
  • This quiz has been taken 53 times
  • The average score is 21 of 37
Answer Stats
Term Political Party Premier % Correct
2018 - Present Coalition Avenir Québec François Legault
100%
1976 - 1985 Parti Québécois René Lévesque
93%
2012 - 2014 Parti Québécois Pauline Marois
91%
2014 - 2018 Liberal Party Philippe Couillard
86%
1994 - 1996 Parti Québécois Jacques Parizeau
84%
2003 - 2012 Liberal Party Jean Charest
84%
1985 - 1994 Liberal Party Robert Bourassa
84%
1970 - 1976 Liberal Party Robert Bourassa
84%
1994 Liberal Party Daniel Johnson Jr.
81%
1966 - 1968 Union Nationale Daniel Johnson Sr.
81%
1944 - 1959 Union Nationale Maurice Duplessis
81%
1936 - 1939 Union Nationale Maurice Duplessis
81%
1996 - 2001 Parti Québécois Lucien Bouchard
79%
1985 Parti Québécois Pierre-Marc Johnson
77%
1960 - 1966 Liberal Party Jean Lesage
74%
1939 - 1944 Liberal Party Adélard Godbout
67%
1936 Liberal Party Adélard Godbout
67%
2001 - 2003 Parti Québécois Bernard Landry
67%
1920 - 1936 Liberal Party Louis-Alexandre Taschereau
60%
1887 - 1891 Parti National Honoré Mercier
51%
1968 - 1970 Union Nationale Jean-Jacques Bertrand
51%
1960 Union Nationale Antonio Barrette
49%
1959 - 1960 Union Nationale Paul Sauvé
49%
1905 - 1920 Liberal Party Lomer Gouin
47%
1867 - 1873 Conservative Party Pierre-Joseph-Olivier Chauveau
40%
1878 - 1879 Liberal Party Henri-Gustave Joly de Lotbinière
37%
1891 - 1892 Conservative Party Charles Boucher de Boucherville
33%
1874 - 1878 Conservative Party Charles Boucher de Boucherville
33%
1873 - 1874 Conservative Party Gédéon Ouimet
30%
1884 - 1887 Conservative Party John Jones Ross
30%
1892 - 1896 Conservative Party Louis-Olivier Taillon
28%
1887 Conservative Party Louis-Olivier Taillon
28%
1879 - 1882 Conservative Party Joseph-Adolphe Chapleau
23%
1896 - 1897 Conservative Party Edmund James Flynn
21%
1897 - 1900 Liberal Party Félix-Gabriel Marchand
21%
1900 - 1905 Liberal Party Simon-Napoléon Parent
21%
1882 - 1884 Conservative Party Joseph-Alfred Mousseau
19%
No matching quizzes found
Score Distribution
Percent of People with Each Score
Percentile by Number Answered
Your Score History
You have not taken this quiz